| 000 | 00567nam a2200157Ia 4500 | ||
|---|---|---|---|
| 003 | SGT | ||
| 020 | _a9780074637432 | ||
| 082 |
_a4.678 _bMIN |
||
| 100 | _aMinoli, Daniel | ||
| 245 | _aInternet and intranet engineering: Technologies protocols and applications | ||
| 260 |
_bTata McGraw Hill Education Private Limited _aNew Delhi _c2011 |
||
| 300 | _a424p. | ||
| 650 | _aCOMPUTER SCIENCE | ||
| 653 | _aINTERNET STRUCTURE,PROTOCOLS,AND ACCESS WITH AN EYE TO INTRANETS,ROUTER TECHNOLOGY,INTERNET AND INTRANET WEB SERVER TECHNOLOGY,ACCESS,AND PROTOCOLS | ||
| 942 |
_2ddc _cBK |
||
| 999 |
_c5334 _d5334 |
||